• 首页
  • 本馆介绍
  • 公告通知
  • 最新文献
  • 馆藏检索
  • 电子资源
  • 读者导购
  • 参考咨询
  • 我的图书馆
  • 登录
  • 详细信息显示
  • 放入我的书架
  • 预约/预借图书
  • 作者相关作品
  • 分类相关作品
  • 丛书相关作品
  • 出版社相关作品

书目信息

  • 表格格式
  • 工作单格式
  • 卡片格式
题名:
国家司法考试考前冲刺捷径
    
 
作者: ;国家司法考试命题研究组 编写
分册:   历年真题精解与考点大串讲
出版信息: 北京   中国水利水电出版社  2005
页数: 657页
开本: 26cm
丛书名:
单 册:
中图分类: D9
科图分类:
主题词: 法律--考核--解题 , 法律 , 法律--考核--自学参考资料
电子资源:
ISBN: 7-5084-3027-1
000 00996nam0 2200253 450
001 002940101
005 20061105084036.17
010    @a7-5084-3027-1@dCNY49.80
100    @a20050119d2005 em y0chiy0110 ea
101 0  @achi
102    @aCN@b110000
105    @ay zq 000yy
200 1  @a国家司法考试考前冲刺捷径@9guo jia si fa kao shi kao qian chong ci jie jing@i历年真题精解与考点大串讲@f国家司法考试命题研究组编写
210    @a北京@c中国水利水电出版社@d2005
215    @a657页@d26cm
330    @a本书内容包括:国家司法考试新大纲考点精解、国家司法考试新增考点精解、国家司法考试新增法规精解、2003年国家司法考试试题精解、2002年国家司法考试题精解。
516 1  @a历年真题精解与考点大串讲@9li nian zhen ti jing jie yu kao dian da chuan jiang
606 0  @a法律@x考核@x解题
606 0  @a法律
606 0  @a法律@x考核@j自学参考资料
690    @aD9@v4
711 02 @a国家司法考试命题研究组@9guo jia si fa kao shi ming ti yan jiu zu@4编写
801  0 @aCN@bNLC@c20061105
905    @a10447@dD9@e270
    
    国家司法考试考前冲刺捷径.历年真题精解与考点大串讲/国家司法考试命题研究组编写.-北京:中国水利水电出版社,2005
    657页;26cm
    
    
    ISBN 7-5084-3027-1:CNY49.80
    本书内容包括:国家司法考试新大纲考点精解、国家司法考试新增考点精解、国家司法考试新增法规精解、2003年国家司法考试试题精解、2002年国家司法考试题精解。
●
相关链接 在E读中查询图书 在五车中查询图书 在当当中查询图书 在豆瓣中查询图书


正题名:国家司法考试考前冲刺捷径     索取号:D9/270         预约/预借

序号 登录号 条形码 馆藏地/架位号 状态 备注
1 0380044   203800440   第一样本阅览室/ [索取号:D9/270] 在馆    
2 0380045   203800459   第一借阅区/ [索取号:D9/270] 在馆    
3 0380046   203800468   第一借阅区/ [索取号:D9/270] 在馆    
4 0380047   203800477   第一借阅区/ [索取号:D9/270] 在馆    
5 0380048   203800486   第一借阅区/ [索取号:D9/270] 在馆    
唐山师范学院图书馆 欢迎您!
大连网信软件有限公司© 版权所有